000 00631cam a22002173a 4500
001 36119
003 PGUSA
005 20140828083759.0
008 110515s2011||||xxu|||||s|||||000 | eng d
040 _aPGUSA
_beng
042 _adc
100 1 _aRankin, Carroll Watson,
_d1870-
245 1 4 _aThe Cinder Pond
_h[electronic resource] /
_cCarroll Watson Rankin
260 _bProject Gutenberg,
_c2011
506 _aPublic domain in the USA.
516 _aElectronic text
700 1 _aWilliamson, Ada Clendenin,
_d1880-1958
830 0 _aProject Gutenberg
_v36119
856 4 0 _uhttp://www.gutenberg.org/ebooks/36119
942 _cEB
999 _c265374
_d265374